Római felirattan
Elmentve itt :
| Szerző: | |
|---|---|
| Dokumentumtípus: | Könyv |
| Megjelent: |
Szerző
Kolozsvár
1914
|
| Kulcsszavak: | Feliratok - római |
| Tárgyszavak: | |
| Online Access: | http://misc.bibl.u-szeged.hu/74576 |
| LEADER | 00595nam a2200181 i 4500 | ||
|---|---|---|---|
| 001 | misc74576 | ||
| 005 | 20240131125256.0 | ||
| 008 | 240119s1914 hu o 000 hun d | ||
| 040 | |a SZTE Miscellanea Repozitórium |b hun | ||
| 041 | |a hun | ||
| 100 | 1 | |a Buday Árpád | |
| 245 | 1 | 0 | |a Római felirattan |h [elektronikus dokumentum] / |c Buday Árpád |
| 260 | |a Szerző |b Kolozsvár |c 1914 | ||
| 300 | |a 420 |c 27 cm | ||
| 650 | 4 | |a Bölcsészettudományok | |
| 650 | 4 | |a Történettudomány és régészet | |
| 695 | |a Feliratok - római | ||
| 856 | 4 | 0 | |u http://misc.bibl.u-szeged.hu/74576/1/xc_028441.pdf |z Dokumentum-elérés |